[Event "POR CupT qf 41st"]
[Site "Portugal"]
[Date "2019.06.08"]
[Round "1.1"]
[White "Teixeira, Ricardo"]
[Black "Figueiredo, Bruno Antonio"]
[Result "1/2-1/2"]
[WhiteElo "1843"]
[BlackElo "1890"]
[PlyCount "55"]
[EventDate "2019.06.08"]
[EventType "team-k.o."]
[EventRounds "6"]
[EventCountry "POR"]
[SourceTitle "CBM 190 Extra"]
[Source "ChessBase"]
[SourceDate "2019.07.15"]
[SourceVersion "1"]
[SourceVersionDate "2019.07.15"]
[SourceQuality "1"]
[WhiteTeam "Portugal/Atlantidiagonal"]
[BlackTeam "Profigaia"]
[WhiteTeamCountry "POR"]
[BlackTeamCountry "POR"]

1. d4 Nf6 2. Bf4 g6 3. e3 Bg7 4. Nf3 0-0 5. Be2 d6 6. Nbd2 Nbd7 7. 0-0 h6 8. c3 Nh5 9. Qb3 Nxf4 10. exf4 c5 11. Bb5 Nf6 12. dxc5 dxc5 13. Rad1 Qc7 14. g3 e6 15. Rfe1 a6 16. Bf1 b5 17. Bg2 Bb7 18. Ne5 Bxg2 19. Kxg2 c4 20. Qc2 Nd5 21. Ndf3 Qb7 22. Kg1 Rad8 23. Nd4 Bxe5 24. Rxe5 Ne7 25. Rde1 Nc6 26. Nxc6 Qxc6 27. Rxe6 fxe6 28. Qxg6+ 1/2-1/2

[Event "Gaia Profigaia op 18th"]
[Site "Vila Nova de Gaia"]
[Date "2018.06.29"]
[Round "3"]
[White "Figueiredo, Bruno Antonio"]
[Black "Campora, Daniel Hugo"]
[Result "0-1"]
[WhiteElo "1886"]
[BlackElo "2424"]
[PlyCount "28"]
[EventDate "2018.06.27"]
[EventType "swiss"]
[EventRounds "7"]
[EventCountry "POR"]
[SourceTitle "CBM 185 Extra"]
[Source "ChessBase"]
[SourceDate "2018.07.29"]
[SourceVersion "1"]
[SourceVersionDate "2018.07.29"]
[SourceQuality "1"]

1. c4 e5 2. Nc3 Nf6 3. g3 Bb4 4. Nd5 Nxd5 5. cxd5 0-0 6. Bg2 d6 7. Nf3 c6 8. e4 cxd5 9. exd5 Bg4 10. Qa4 Na6 11. a3 e4 12. Nd4 Nc5 13. Qc2 Nd3+ 14. Kf1 Qf6 0-1

[Event "POR-ch Amateur U2000"]
[Site "Vila Nova de Gaia"]
[Date "2017.09.23"]
[Round "3"]
[White "Duarte, Duarte Nuno Nog"]
[Black "Figueiredo, Bruno Antonio"]
[Result "1-0"]
[WhiteElo "1917"]
[BlackElo "1884"]
[PlyCount "83"]
[EventDate "2017.09.20"]
[EventType "swiss"]
[EventRounds "4"]
[EventCountry "POR"]
[SourceTitle "EXT 2019"]
[Source "ChessBase"]
[SourceDate "2018.10.10"]
[SourceVersion "1"]
[SourceVersionDate "2018.10.10"]
[SourceQuality "1"]

1. d4 c5 2. dxc5 e6 3. e4 Bxc5 4. Bd3 Nc6 5. Nf3 Nf6 6. 0-0 Qc7 7. Nc3 Ng4 8. h3 h5 9. Ne2 Nd4 10. Nexd4 Bxd4 11. c3 Bb6 12. Qe2 Nf6 13. Be3 Bxe3 14. Qxe3 b6 15. Qg5 Kf8 16. e5 Nd5 17. c4 Ne7 18. Be4 Bb7 19. Bxb7 Qxb7 20. Rfd1 Rc8 21. Rac1 Rh6 22. Rc3 Rc7 23. Nh4 Qc8 24. Rg3 Rh7 25. Rgd3 Ke8 26. b3 Nc6 27. Qf4 Qd8 28. Nf3 Qe7 29. Ng5 Rh6 30. Ne4 h4 31. Nf6+ Kf8 32. Rxd7 Rxd7 33. Nxd7+ Kg8 34. Nf6+ Kf8 35. Ne4 Rg6 36. Rd6 Na5 37. Qd2 Kg8 38. Rd7 Qa3 39. Rd8+ Kh7 40. Ng5+ Rxg5 41. Qxg5 Qxa2 42. Qh5# 1-0

[Event "POR-ch Amateur U2000"]
[Site "Vila Nova de Gaia"]
[Date "2017.09.23"]
[Round "4"]
[White "Figueiredo, Bruno Antonio"]
[Black "Cadillon, Joao"]
[Result "1-0"]
[WhiteElo "1884"]
[BlackElo "1739"]
[PlyCount "105"]
[EventDate "2017.09.20"]
[EventType "swiss"]
[EventRounds "4"]
[EventCountry "POR"]
[SourceTitle "EXT 2019"]
[Source "ChessBase"]
[SourceDate "2018.10.10"]
[SourceVersion "1"]
[SourceVersionDate "2018.10.10"]
[SourceQuality "1"]

1. Nf3 Nf6 2. g3 b5 3. Bg2 Bb7 4. 0-0 c5 5. b3 Nc6 6. Bb2 d5 7. d4 e6 8. Ne5 cxd4 9. Nxc6 Bxc6 10. Qxd4 b4 11. c4 bxc3 12. Nxc3 Qb6 13. Qf4 Rd8 14. Na4 Qb8 15. Be5 Bd6 16. Bxd6 Qxd6 17. Qd4 Bxa4 18. Qxa4+ Qd7 19. Qf4 0-0 20. Rfd1 Qb5 21. e3 Rc8 22. Bf1 Qb6 23. Bd3 Rc3 24. Rac1 Rfc8 25. Rxc3 Rxc3 26. Qe5 Qc7 27. Qxc7 Rxc7 28. Rd2 Kf8 29. Kf1 Ke7 30. Ke2 h6 31. Rb2 Kd6 32. h3 e5 33. Kd2 e4 34. Be2 Nd7 35. f4 f5 36. Rc2 Rxc2+ 37. Kxc2 Kc5 38. Kc3 a5 39. a3 Nb6 40. Bh5 Nc8 41. Be8 Ne7 42. b4+ axb4+ 43. axb4+ Kd6 44. Kd4 g5 45. fxg5 hxg5 46. Kc3 f4 47. gxf4 gxf4 48. exf4 Nf5 49. Bg6 d4+ 50. Kc4 Ke6 51. b5 d3 52. Kc3 Ng3 53. b6 1-0

[Event "Gaia Profigaia op 17th"]
[Site "Vila Nova de Gaia"]
[Date "2017.06.18"]
[Round "7"]
[White "Sismeiro, Miguel"]
[Black "Figueiredo, Bruno Antonio"]
[Result "1/2-1/2"]
[WhiteElo "1528"]
[BlackElo "1914"]
[PlyCount "84"]
[EventDate "2017.06.14"]
[EventType "swiss"]
[EventRounds "7"]
[EventCountry "POR"]
[SourceTitle "CBM 179 Extra"]
[Source "ChessBase"]
[SourceDate "2017.08.23"]
[SourceVersion "1"]
[SourceVersionDate "2017.08.23"]
[SourceQuality "1"]

1. e4 c5 2. Nf3 Nc6 3. d4 cxd4 4. Nxd4 g6 5. c4 Bg7 6. Be3 Nh6 7. Be2 0-0 8. Nc3 f5 9. exf5 Bxd4 10. Bxd4 Nxf5 11. Bc5 d6 12. Ba3 Nfd4 13. 0-0 Bf5 14. Bd3 Qd7 15. Bxf5 Rxf5 16. Ne4 Raf8 17. Ng3 Rf4 18. b3 Rh4 19. f3 Qe6 20. Bc1 Qe5 21. Bd2 Nf5 22. Qe1 Qd4+ 23. Qf2 Nxg3 24. hxg3 Qxf2+ 25. Kxf2 Rh5 26. Bc3 Rhf5 27. Rad1 Kf7 28. Rfe1 Kg8 29. Re4 Ra8 30. g4 Rf7 31. Rd5 Raf8 32. Ke3 Rc8 33. Kd2 a6 34. a4 Nb8 35. Rd3 Nd7 36. Bd4 Kf8 37. Kd1 Ke8 38. Rd2 Kf8 39. Rd3 Kg8 40. Rd2 Kf8 41. Rd3 Kg8 42. Rd2 Kf8 1/2-1/2

[Event "Gaia Profigaia op 17th"]
[Site "Vila Nova de Gaia"]
[Date "2017.06.16"]
[Round "4"]
[White "Figueiredo, Bruno Antonio"]
[Black "Ribeiro, Andre Amorim"]
[Result "0-1"]
[WhiteElo "1914"]
[BlackElo "1463"]
[PlyCount "70"]
[EventDate "2017.06.14"]
[EventType "swiss"]
[EventRounds "7"]
[EventCountry "POR"]
[SourceTitle "CBM 179 Extra"]
[Source "ChessBase"]
[SourceDate "2017.08.23"]
[SourceVersion "1"]
[SourceVersionDate "2017.08.23"]
[SourceQuality "1"]

1. c4 Nf6 2. Nc3 g6 3. g3 Bg7 4. Bg2 0-0 5. Nf3 d6 6. 0-0 Nbd7 7. Rb1 c6 8. b4 Rb8 9. b5 c5 10. a4 a5 11. bxa6 bxa6 12. Bb2 Bb7 13. Qc2 Ng4 14. d3 Nge5 15. Nxe5 Nxe5 16. Bxb7 Rxb7 17. Nd5 e6 18. Ne3 Qc7 19. f4 Nc6 20. Bxg7 Kxg7 21. Rxb7 Qxb7 22. Rb1 Nb4 23. Qc3+ Kg8 24. Ng4 e5 25. Nf6+ Kg7 26. fxe5 Qe7 27. Ng4 dxe5 28. Nxe5 f6 29. Ng4 Qxe2 30. Nf2 Re8 31. Ne4 Qe3+ 32. Kf1 Rxe4 33. Rxb4 cxb4 34. Qxb4 Qxd3+ 35. Kg1 Qd1+ 0-1

[Event "Gaia Profigaia op 8th"]
[Site "Vila Nova de Gaia"]
[Date "2015.07.03"]
[Round "8"]
[White "Figueiredo, Bruno Antonio"]
[Black "Silva, Miguel Antonio Neto"]
[Result "1/2-1/2"]
[WhiteElo "1884"]
[BlackElo "2175"]
[PlyCount "59"]
[EventDate "2015.06.27"]
[EventType "swiss"]
[EventRounds "9"]
[EventCountry "POR"]
[SourceTitle "EXT 2018"]
[Source "ChessBase"]
[SourceDate "2017.10.13"]
[SourceVersion "1"]
[SourceVersionDate "2017.10.13"]
[SourceQuality "1"]

1. Nf3 g6 2. g3 Bg7 3. Bg2 e5 4. d3 d5 5. 0-0 Ne7 6. c4 dxc4 7. dxc4 0-0 8. Nc3 Nbc6 9. Bg5 f6 10. Be3 Be6 11. Qa4 Qc8 12. Rfd1 Rf7 13. Nd5 Nf5 14. Bc5 Bf8 15. Bxf8 Qxf8 16. e3 Nh6 17. h3 Qc8 18. Kh2 g5 19. Nd2 f5 20. f4 gxf4 21. gxf4 e4 22. Rg1 Rg7 23. Bh1 Rg6 24. Rxg6+ hxg6 25. Rg1 Kf7 26. Qa3 Qd8 27. Rg5 Rc8 28. Qc3 b5 29. b3 a5 30. cxb5 1/2-1/2

[Event "Gaia Profigaia op 8th"]
[Site "Vila Nova de Gaia"]
[Date "2015.07.01"]
[Round "7"]
[White "Dias, Ricardo Pedro Cruz"]
[Black "Figueiredo, Bruno Antonio"]
[Result "0-1"]
[WhiteElo "1820"]
[BlackElo "1884"]
[PlyCount "135"]
[EventDate "2015.06.27"]
[EventType "swiss"]
[EventRounds "9"]
[EventCountry "POR"]
[SourceTitle "EXT 2018"]
[Source "ChessBase"]
[SourceDate "2017.10.13"]
[SourceVersion "1"]
[SourceVersionDate "2017.10.13"]
[SourceQuality "1"]

1. e4 c5 2. Nf3 Nc6 3. d4 cxd4 4. Nxd4 g6 5. Nc3 Bg7 6. Be3 Nf6 7. Bc4 Qa5 8. 0-0 0-0 9. Bb3 d6 10. h3 Bd7 11. Re1 Rac8 12. Nd5 Nxd5 13. exd5 Ne5 14. Qe2 b5 15. Qd2 Qxd2 16. Bxd2 Rfe8 17. Be3 Nc4 18. Bxc4 Rxc4 19. c3 b4 20. Ne2 a5 21. Rac1 bxc3 22. bxc3 Kf8 23. Bb6 Ra4 24. Rc2 Rc8 25. Rec1 Bf5 26. Rd2 Rb8 27. Bd4 Bb1 28. Kh2 Bh6 29. Be3 Bxe3 30. fxe3 Bxa2 31. Ra1 Bb3 32. Rb1 Rc4 33. Rd4 Rxd4 34. Nxd4 a4 35. Kg3 Rb7 36. c4 Rb4 37. Kf2 Kg7 38. Ke1 Rxc4 39. Nxb3 axb3 40. Rxb3 Kf6 41. Ke2 Rc5 42. e4 Rc4 43. Kd3 Ra4 44. h4 h5 45. g3 Ke5 46. Rb7 Ra3+ 47. Ke2 Kxe4 48. Rxe7+ Kxd5 49. Kf2 Ra4 50. Rxf7 Rg4 51. Ra7 Ke5 52. Ra3 d5 53. Ke2 Rb4 54. Ke3 Rc4 55. Kd3 Rg4 56. Ke2 d4 57. Rb3 Re4+ 58. Kf3 Rg4 59. Ke2 Kd5 60. Ra3 Kc4 61. Kd2 Re4 62. Rf3 Re6 63. Ra3 Rb6 64. Ra4+ Kd5 65. Ra3 Ke4 66. Ke2 d3+ 67. Kd2 Rb2+ 68. Kc1 0-1

[Event "Gaia Profigaia op 8th"]
[Site "Vila Nova de Gaia"]
[Date "2015.06.28"]
[Round "4"]
[White "Figueiredo, Bruno Antonio"]
[Black "Sa, Luis Afonso"]
[Result "1-0"]
[WhiteElo "1884"]
[BlackElo "1490"]
[PlyCount "67"]
[EventDate "2015.06.27"]
[EventType "swiss"]
[EventRounds "9"]
[EventCountry "POR"]
[SourceTitle "EXT 2018"]
[Source "ChessBase"]
[SourceDate "2017.10.13"]
[SourceVersion "1"]
[SourceVersionDate "2017.10.13"]
[SourceQuality "1"]

1. Nf3 Nf6 2. g3 e6 3. Bg2 Be7 4. 0-0 0-0 5. c4 c6 6. d4 d5 7. Nbd2 Nbd7 8. Qc2 Nb6 9. b3 Re8 10. Bb2 a5 11. a4 Rb8 12. Ne5 Bf8 13. e4 Nbd7 14. Rad1 h6 15. Rfe1 Nxe5 16. dxe5 Nh7 17. Nf1 Bb4 18. Re3 Bc5 19. Red3 Qe7 20. exd5 exd5 21. cxd5 Bf5 22. d6 Bxd6 23. exd6 Bxd3 24. Qxd3 Qd7 25. Qc3 Qg4 26. d7 Red8 27. Ne3 Qg5 28. Nf5 Nf6 29. Ne7+ Kh8 30. h4 Qg4 31. Bf3 Qe6 32. Re1 Qxd7 33. Qxf6 Rg8 34. Qxh6# 1-0

[Event "POR-CupT 1/8-1/4 final"]
[Site "Santo Tirso/Lisbon"]
[Date "2014.05.24"]
[Round "4.4"]
[White "Figueiredo, Bruno Antonio"]
[Black "Dias, Ivo Rodrigues"]
[Result "1/2-1/2"]
[WhiteElo "1899"]
[BlackElo "1969"]
[PlyCount "30"]
[EventDate "2014.05.24"]
[EventType "team-k.o."]
[EventRounds "5"]
[EventCountry "POR"]
[SourceTitle "EXT 2015"]
[Source "ChessBase"]
[SourceDate "2014.11.20"]
[SourceVersion "1"]
[SourceVersionDate "2014.11.20"]
[SourceQuality "1"]
[WhiteTeam "Profigaia"]
[BlackTeam "Didaxis"]
[WhiteTeamCountry "POR"]
[BlackTeamCountry "POR"]

1. b4 Nf6 2. Bb2 e6 3. b5 d5 4. e3 Be7 5. Nf3 0-0 6. c4 Nbd7 7. Qc2 Re8 8. Nc3 Nc5 9. d4 Nce4 10. Bd3 Nxc3 11. Bxc3 dxc4 12. Bxc4 b6 13. Bd3 Bb7 14. e4 h6 15. 0-0 Qc8 1/2-1/2

[Event "Gaia Profigaia op 6th"]
[Site "Vila Nova de Gaia"]
[Date "2013.07.07"]
[Round "3.5"]
[White "Figueiredo, Bruno Antonio"]
[Black "Carneiro, Carlos Alberto Carv"]
[Result "1/2-1/2"]
[WhiteElo "1908"]
[BlackElo "2255"]
[PlyCount "115"]
[EventDate "2013.07.06"]
[EventType "swiss"]
[EventRounds "9"]
[EventCountry "POR"]
[SourceTitle "EXT 2015"]
[Source "ChessBase"]
[SourceDate "2014.11.20"]
[SourceVersion "1"]
[SourceVersionDate "2014.11.20"]
[SourceQuality "1"]

1. b4 Nf6 2. Bb2 g6 3. Nf3 Bg7 4. c4 0-0 5. e3 d6 6. Be2 e5 7. 0-0 Nc6 8. b5 Ne7 9. d4 Nd7 10. Nc3 h6 11. Qb3 exd4 12. exd4 Nf5 13. Na4 Re8 14. Rfe1 Nf6 15. Bd3 Bd7 16. Nc3 Nh7 17. Nd5 c6 18. Rxe8+ Bxe8 19. Bxf5 cxd5 20. Bd3 Ng5 21. Nxg5 Qxg5 22. cxd5 Rc8 23. Rd1 Bd7 24. Be4 Bg4 25. Bf3 Bxf3 26. Qxf3 Rc2 27. Ba3 Rxa2 28. Bxd6 Bxd4 29. Bg3 Rd2 30. Rxd2 Qxd2 31. h4 Be5 32. d6 Qxd6 33. Bxe5 Qxe5 34. Qxb7 Qe1+ 35. Kh2 Qxf2 36. Kh3 Kg7 37. g4 Qb6 38. Qd7 h5 39. gxh5 gxh5 40. Kg2 Qe3 41. Qb7 Qe2+ 42. Kg1 Qg4+ 43. Kf1 Qxh4 44. Qxa7 Qc4+ 45. Kg2 Qxb5 46. Qd4+ Kg6 47. Qd6+ f6 48. Qf8 Qd5+ 49. Kg3 Qe5+ 50. Kh3 Qf5+ 51. Kh2 Qf2+ 52. Kh1 Kg5 53. Qh6+ Kf5 54. Qxh5+ Ke4 55. Qd5+ Ke3 56. Qd4+ Ke2 57. Qd1+ Ke3 58. Qd4+ 1/2-1/2

[Event "POR-chT3 final"]
[Site "Torres Vedras"]
[Date "2011.07.23"]
[Round "2.2"]
[White "Costa, Paulo Jorge Lopes"]
[Black "Figueiredo, Bruno Antonio"]
[Result "1/2-1/2"]
[WhiteElo "2159"]
[BlackElo "1935"]
[PlyCount "83"]
[EventDate "2011.07.23"]
[EventType "team-k.o."]
[EventRounds "3"]
[EventCountry "POR"]
[SourceTitle "EXT 2012"]
[Source "ChessBase"]
[SourceDate "2011.11.24"]
[SourceVersion "1"]
[SourceVersionDate "2011.11.24"]
[SourceQuality "1"]
[WhiteTeam "Torres Novas"]
[BlackTeam "Profigaia"]
[WhiteTeamCountry "POR"]
[BlackTeamCountry "POR"]

1. Nf3 Nf6 2. c4 g6 3. Nc3 d5 4. Qa4+ c6 5. cxd5 Nxd5 6. Qd4 Rg8 7. e4 Bg7 8. Qa4 Nb6 9. Qc2 Bg4 10. Be2 N8d7 11. d3 Nc5 12. Be3 Bxf3 13. Bxc5 Bxe2 14. Nxe2 Nd7 15. Be3 Ne5 16. Rd1 Qa5+ 17. Nc3 Ng4 18. Rd2 Qh5 19. Qd1 Nxe3 20. fxe3 Qh4+ 21. g3 Qg5 22. Qf3 Bh6 23. Re2 Rd8 24. 0-0 Rf8 25. d4 f5 26. e5 Qg4 27. Kg2 Qxf3+ 28. Rxf3 e6 29. b4 g5 30. g4 fxg4 31. Rxf8+ Bxf8 32. Ne4 Be7 33. Rb2 a6 34. a4 Kd7 35. Nc5+ Bxc5 36. bxc5 Rb8 37. a5 Ke7 38. Kg3 h5 39. Rb1 Kf7 40. Rf1+ Kg7 41. Rb1 Kg6 42. Rf1 1/2-1/2

[Event "POR-chT3 final"]
[Site "Torres Vedras"]
[Date "2011.07.23"]
[Round "1.1"]
[White "Figueiredo, Bruno Antonio"]
[Black "Dias, Ivo Rodrigues"]
[Result "1-0"]
[WhiteElo "1936"]
[BlackElo "1676"]
[PlyCount "97"]
[EventDate "2011.07.23"]
[EventType "team-k.o."]
[EventRounds "3"]
[EventCountry "POR"]
[SourceTitle "EXT 2012"]
[Source "ChessBase"]
[SourceDate "2011.11.24"]
[SourceVersion "1"]
[SourceVersionDate "2011.11.24"]
[SourceQuality "1"]
[WhiteTeam "Profigaia"]
[BlackTeam "Didaxis"]
[WhiteTeamCountry "POR"]
[BlackTeamCountry "POR"]

1. c4 Nf6 2. Nc3 c5 3. Nf3 Nc6 4. g3 g6 5. Bg2 Bg7 6. 0-0 0-0 7. d4 d6 8. dxc5 dxc5 9. Be3 Nd7 10. Qd2 Nde5 11. Nxe5 Qxd2 12. Bxd2 Nxe5 13. b3 Rb8 14. Rad1 b6 15. Bf4 Bb7 16. Nd5 e6 17. Ne3 Bxg2 18. Kxg2 Rbd8 19. Bxe5 Bxe5 20. Rxd8 Rxd8 21. Rd1 Rxd1 22. Nxd1 Bd4 23. e3 Be5 24. f4 Bg7 25. Nf2 f5 26. Kf3 Kf7 27. e4 Ke7 28. g4 Bf6 29. Nd3 Bg7 30. Ne1 Kd6 31. Ng2 fxe4+ 32. Kxe4 e5 33. f5 g5 34. h4 h6 35. hxg5 hxg5 36. Ne1 Bh8 37. Nf3 Bf6 38. a3 a6 39. a4 a5 40. Ne1 Kc6 41. Nc2 Kd6 42. Ne3 Be7 43. Nd5 Bd8 44. Kf3 Kd7 45. Ke3 Kc6 46. f6 Kd7 47. f7 Be7 48. Nxe7 Kxe7 49. Ke4 1-0

[Event "Burgas op 16th"]
[Site "Ourense"]
[Date "2007.07.10"]
[Round "6.10"]
[White "Milchev, Nikolay"]
[Black "Figueiredo, Bruno Antonio"]
[Result "1-0"]
[WhiteElo "2315"]
[BlackElo "1893"]
[PlyCount "81"]
[EventDate "2007.07.05"]
[EventType "swiss"]
[EventRounds "9"]
[EventCountry "ESP"]
[SourceTitle "EXT 2008"]
[Source "ChessBase"]
[SourceDate "2007.11.25"]
[SourceVersion "1"]
[SourceVersionDate "2007.11.25"]
[SourceQuality "1"]

1. Nf3 Nf6 2. c4 g6 3. Nc3 d5 4. Qa4+ c6 5. cxd5 Nxd5 6. Qd4 Rg8 7. Qh4 h5 8. Qa4 Bg7 9. d4 Nxc3 10. bxc3 Bf5 11. e3 Nd7 12. Ba3 Nb6 13. Qb3 Qc7 14. Nh4 Be6 15. c4 Bf6 16. Nf3 Bf5 17. Nd2 0-0-0 18. Rc1 Bg5 19. Be2 e5 20. d5 c5 21. h4 Bh6 22. Bf3 e4 23. Bxe4 Rge8 24. Bxf5+ gxf5 25. Rh3 f4 26. e4 f5 27. f3 Qg7 28. Qd3 Qxg2 29. Qf1 Qg7 30. Rh2 Qd4 31. Nb3 Qe5 32. Re2 Qf6 33. Nxc5 Qxh4+ 34. Kd2 fxe4 35. Nxe4 Kb8 36. Qf2 Nxc4+ 37. Rxc4 Rxd5+ 38. Kc2 Qh1 39. Nc3 Rdd8 40. Bd6+ Ka8 41. Nb5 1-0

[Event "Porto District-ch prel A"]
[Site "Porto"]
[Date "2006.11.30"]
[Round "3.1"]
[White "Silva, Antonio Augusto MC"]
[Black "Figueiredo, Bruno Antonio"]
[Result "1-0"]
[WhiteElo "2235"]
[BlackElo "1903"]
[PlyCount "55"]
[EventDate "2006.11.16"]
[EventType "swiss"]
[EventRounds "6"]
[EventCountry "POR"]
[SourceTitle "EXT 2022"]
[Source "ChessBase"]
[SourceDate "2021.10.06"]
[SourceVersion "1"]
[SourceVersionDate "2021.10.06"]
[SourceQuality "1"]

1. c4 Nf6 2. g3 g6 3. Bg2 d5 4. cxd5 Nxd5 5. Nc3 Nxc3 6. bxc3 Bg7 7. Rb1 c6 8. Nf3 0-0 9. 0-0 Nd7 10. c4 Qa5 11. Qc2 e5 12. d3 Nc5 13. Bb2 Re8 14. Bc3 Qc7 15. Nd2 f5 16. Nb3 Ne6 17. a4 f4 18. c5 Ng5 19. Na5 Kh8 20. Nc4 Rf8 21. Qb2 f3 22. exf3 Nxf3+ 23. Bxf3 Rxf3 24. Bxe5 Qf7 25. Rfe1 Bh3 26. Bxg7+ Kg8 27. Bh6 b6 28. Ne5 1-0

[Event "GXP Serie-A 2nd"]
[Site "Portugal"]
[Date "2004.??.??"]
[Round "8"]
[White "Figueiredo, Bruno Antonio"]
[Black "Araujo, Jose Verissimo"]
[Result "1/2-1/2"]
[WhiteElo "1800"]
[BlackElo "1950"]
[PlyCount "88"]
[EventDate "2004.??.??"]
[EventType "tourn"]
[EventRounds "9"]
[EventCountry "POR"]
[SourceTitle "EXT 2007"]
[Source "ChessBase"]
[SourceDate "2006.11.23"]
[SourceVersion "1"]
[SourceVersionDate "2006.11.23"]
[SourceQuality "1"]

1. Nf3 Nf6 2. g3 d5 3. Bg2 Bg4 4. c4 c6 5. 0-0 Nbd7 6. cxd5 cxd5 7. Nc3 e6 8. d3 Be7 9. Bf4 0-0 10. Rc1 a6 11. e4 d4 12. Ne2 Bxf3 13. Bxf3 e5 14. Bg5 Qa5 15. a3 Rac8 16. Qd2 Qb5 17. b4 a5 18. Bg4 Rxc1 19. Rxc1 axb4 20. Bxd7 Qxd7 21. Bxf6 Bxf6 22. axb4 Be7 23. f4 f6 24. Qa2+ Kh8 25. Qc4 Bd6 26. Qd5 Qe7 27. b5 Rd8 28. Qc4 b6 29. Qc6 Bc5 30. Ra1 h6 31. Nc1 exf4 32. gxf4 Qf7 33. Ne2 Qh5 34. Ng3 Qf3 35. Nf5 Qg4+ 36. Kh1 Qf3+ 37. Kg1 Qxf4 38. Ra8 Qc1+ 39. Kf2 Qd2+ 40. Kg1 Qe1+ 41. Kg2 Qe2+ 42. Kg1 Qe1+ 43. Kg2 Qe2+ 44. Kg1 Qe1+ 1/2-1/2